[Event "Helsingor Xtracon op"]
[Site "Helsingor"]
[Date "2016.07.29"]
[Round "8"]
[White "Bennett, Owen"]
[Black "Mehringer, Joerg"]
[Result "0-1"]
[WhiteElo "1741"]
[BlackElo "1966"]
[PlyCount "58"]
[EventDate "2016.07.23"]
[EventType "swiss"]
[EventRounds "10"]
[EventCountry "DEN"]
[SourceTitle "CBM 173 Extra"]
[Source "ChessBase"]
[SourceDate "2016.08.29"]
[SourceVersion "1"]
[SourceVersionDate "2016.08.29"]
[SourceQuality "1"]

1. d4 Nf6 2. c4 e5 3. dxe5 Ng4 4. Nf3 Nc6 5. Bf4 Bb4+ 6. Nc3 Qe7 7. Qc2 Ngxe5 8. Nxe5 Nxe5 9. e3 d6 10. a3 Bxc3+ 11. Qxc3 0-0 12. Bd3 Nxd3+ 13. Qxd3 Qf6 14. Qd4 Qg6 15. 0-0-0 b5 16. c5 dxc5 17. Qxc5 Bf5 18. f3 Qe6 19. e4 Bg6 20. Rd5 f5 21. e5 Bf7 22. Rhd1 a5 23. R5d3 Qa2 24. Qc2 c5 25. Kd2 c4 26. Rd6 b4 27. Qb1 c3+ 28. Ke1 Qxb1 29. Rxb1 Ba2 0-1

[Event "Helsingor Xtracon op"]
[Site "Helsingor"]
[Date "2016.07.27"]
[Round "6"]
[White "Bennett, Owen"]
[Black "Bosselmann, Tom Linus"]
[Result "0-1"]
[WhiteElo "1741"]
[BlackElo "1928"]
[PlyCount "96"]
[EventDate "2016.07.23"]
[EventType "swiss"]
[EventRounds "10"]
[EventCountry "DEN"]
[SourceTitle "CBM 173 Extra"]
[Source "ChessBase"]
[SourceDate "2016.08.29"]
[SourceVersion "1"]
[SourceVersionDate "2016.08.29"]
[SourceQuality "1"]

1. d4 Nf6 2. c4 e6 3. Nc3 Bb4 4. e3 0-0 5. Bd3 d5 6. Qc2 b6 7. Nf3 Bb7 8. a3 Bxc3+ 9. bxc3 c5 10. 0-0 Ne4 11. Bb2 f5 12. Ne5 Nd7 13. f4 Nxe5 14. dxe5 Qe7 15. Rad1 Rfd8 16. Qb3 Rab8 17. Bc1 b5 18. Bxe4 bxc4 19. Qa4 fxe4 20. Qxa7 Ra8 21. Qb6 Rab8 22. Qb2 Ba6 23. Qa1 Rb3 24. Rf2 Rdb8 25. Bb2 Qb7 26. Rdd2 d4 27. Rc2 dxc3 28. Bc1 Rb1 29. Qxc3 Qb3 30. Rfd2 Qxc3 31. Rxc3 R8b3 32. Rdc2 Kf7 33. Kf2 h6 34. h4 Rb7 35. Rd2 R1b6 36. h5 Ke7 37. Ke2 Rd7 38. Rxd7+ Kxd7 39. Kd2 Kc6 40. Rc2 Rb7 41. Ke1 Rb3 42. Kf2 c3 43. Ke1 Bd3 44. Rf2 c4 45. g4 c2 46. f5 c3 47. f6 gxf6 48. exf6 Rb1 0-1

[Event "Helsingor Xtracon op"]
[Site "Helsingor"]
[Date "2016.07.26"]
[Round "5"]
[White "Edwardsson, Hannu Kalervo"]
[Black "Bennett, Owen"]
[Result "0-1"]
[WhiteElo "1451"]
[BlackElo "1741"]
[PlyCount "86"]
[EventDate "2016.07.23"]
[EventType "swiss"]
[EventRounds "10"]
[EventCountry "DEN"]
[SourceTitle "CBM 173 Extra"]
[Source "ChessBase"]
[SourceDate "2016.08.29"]
[SourceVersion "1"]
[SourceVersionDate "2016.08.29"]
[SourceQuality "1"]

1. e4 c5 2. c4 Nc6 3. Nf3 g6 4. Be2 Bg7 5. 0-0 Nf6 6. Nc3 0-0 7. d3 d6 8. Bd2 a6 9. Rb1 Rb8 10. a3 Bg4 11. Qc1 Bxf3 12. Bxf3 Nd4 13. Qd1 Nxf3+ 14. Qxf3 Nd7 15. Qe2 e6 16. Kh1 Qe7 17. f4 Bxc3 18. Bxc3 e5 19. f5 g5 20. Qg4 f6 21. h4 h6 22. h5 b5 23. b3 b4 24. axb4 cxb4 25. Bd2 Nc5 26. Qe2 a5 27. Be3 Ra8 28. Bxc5 dxc5 29. Ra1 Ra6 30. Ra4 Rfa8 31. g4 Kf7 32. Qe3 Rd8 33. Rfa1 Qc7 34. Kg2 Qd7 35. Rxa5 Rxa5 36. Rxa5 Qxd3 37. Qxd3 Rxd3 38. Rxc5 Rxb3 39. Rb5 Rb1 40. Kf3 b3 41. c5 b2 42. Kf2 Rh1 43. Kg2 b1Q 0-1

[Event "Helsingor Xtracon op"]
[Site "Helsingor"]
[Date "2016.07.25"]
[Round "4"]
[White "Bennett, Owen"]
[Black "Westerlund, Ola"]
[Result "0-1"]
[WhiteElo "1741"]
[BlackElo "1930"]
[PlyCount "90"]
[EventDate "2016.07.23"]
[EventType "swiss"]
[EventRounds "10"]
[EventCountry "DEN"]
[SourceTitle "CBM 173 Extra"]
[Source "ChessBase"]
[SourceDate "2016.08.29"]
[SourceVersion "1"]
[SourceVersionDate "2016.08.29"]
[SourceQuality "1"]

1. d4 d6 2. Nf3 g6 3. g3 Bg7 4. Bg2 Nf6 5. c4 0-0 6. 0-0 c6 7. Nc3 Qa5 8. Qa4 Qh5 9. Qb3 Nbd7 10. Rd1 h6 11. Qc2 Nb6 12. b3 Bg4 13. Bb2 Nh7 14. Qd3 f5 15. Nd2 e5 16. f3 Bh3 17. e3 Bxg2 18. Kxg2 Ng5 19. Re1 e4 20. fxe4 fxe4 21. Ncxe4 Nf3 22. Rh1 d5 23. cxd5 cxd5 24. Nc3 Nxd2 25. Qxd2 Qf3+ 26. Kg1 Rae8 27. Re1 h5 28. Nd1 Bh6 29. Qe2 Qe4 30. h3 Nc8 31. Kh2 h4 32. Qg4 hxg3+ 33. Qxg3 Rf3 34. Qg2 Bf8 35. Nf2 Bd6+ 36. Kg1 Qf5 37. Ng4 Rg3 38. Nh6+ Kh7 39. Nxf5 gxf5 40. Qxg3 Bxg3 41. Re2 f4 42. Kg2 Nd6 43. Kf3 Nf5 44. Bc1 Nh4+ 45. Kg4 Kh6 0-1

[Event "Helsingor Xtracon op"]
[Site "Helsingor"]
[Date "2016.07.24"]
[Round "3"]
[White "Skou, Niels"]
[Black "Bennett, Owen"]
[Result "1-0"]
[WhiteElo "2011"]
[BlackElo "1741"]
[PlyCount "49"]
[EventDate "2016.07.23"]
[EventType "swiss"]
[EventRounds "10"]
[EventCountry "DEN"]
[SourceTitle "CBM 173 Extra"]
[Source "ChessBase"]
[SourceDate "2016.08.29"]
[SourceVersion "1"]
[SourceVersionDate "2016.08.29"]
[SourceQuality "1"]

1. d4 d5 2. c4 e6 3. Nf3 Nf6 4. Nc3 Nbd7 5. Bg5 Be7 6. e3 0-0 7. Bd3 dxc4 8. Bxc4 a6 9. 0-0 b5 10. Bd3 Bb7 11. Qe2 c5 12. Rfd1 Qb6 13. Rac1 Rfe8 14. Bb1 h6 15. Bh4 Nd5 16. Nxd5 Bxd5 17. Bxe7 Rxe7 18. Qc2 f5 19. dxc5 Qa5 20. Nd4 Rc8 21. Nxf5 exf5 22. Rxd5 g6 23. h4 Nf6 24. Rd6 Kg7 25. h5 1-0

[Event "GBR-ch Major 102nd"]
[Site "Coventry"]
[Date "2015.08.04"]
[Round "8"]
[White "Bennett, Owen"]
[Black "Mahoney, Nicholas"]
[Result "1/2-1/2"]
[WhiteElo "1695"]
[BlackElo "1753"]
[PlyCount "43"]
[EventDate "2015.07.27"]
[EventType "swiss"]
[EventRounds "11"]
[EventCountry "ENG"]
[SourceTitle "CBM 167 Extra"]
[Source "ChessBase"]
[SourceDate "2015.09.14"]
[SourceVersion "1"]
[SourceVersionDate "2015.09.14"]
[SourceQuality "1"]

1. d4 Nf6 2. c4 e6 3. Nf3 Nc6 4. Nc3 Bb4 5. e3 0-0 6. Qc2 d6 7. Bd2 e5 8. d5 Ne7 9. e4 Bxc3 10. Bxc3 a5 11. b3 Ng6 12. 0-0-0 Qe7 13. h3 c6 14. Kb2 cxd5 15. cxd5 Qc7 16. Bd3 Nf4 17. Rhg1 Bd7 18. Bd2 Nxd3+ 19. Qxd3 b5 20. Bg5 Qb6 21. Be3 Qb7 22. Bg5 1/2-1/2

[Event "GBR-ch Major 102nd"]
[Site "Coventry"]
[Date "2015.08.03"]
[Round "7"]
[White "Gunn, Michael J"]
[Black "Bennett, Owen"]
[Result "0-1"]
[WhiteElo "1701"]
[BlackElo "1695"]
[PlyCount "138"]
[EventDate "2015.07.27"]
[EventType "swiss"]
[EventRounds "11"]
[EventCountry "ENG"]
[SourceTitle "CBM 167 Extra"]
[Source "ChessBase"]
[SourceDate "2015.09.14"]
[SourceVersion "1"]
[SourceVersionDate "2015.09.14"]
[SourceQuality "1"]

1. d4 d5 2. Nf3 Nf6 3. e3 c5 4. c3 e6 5. Bd3 Nc6 6. Nbd2 Qc7 7. 0-0 Bd6 8. dxc5 Bxc5 9. e4 0-0 10. exd5 exd5 11. Nb3 Bd6 12. Nbd4 Bg4 13. h3 Nxd4 14. cxd4 Bh5 15. Be3 Bf4 16. Rc1 Qd6 17. Be2 Bxe3 18. fxe3 Bxf3 19. Bxf3 Rae8 20. Rc3 Re7 21. Qc1 Rfe8 22. Re1 Ne4 23. Bxe4 Rxe4 24. Rc7 R4e7 25. Rxe7 Qxe7 26. Qd2 Qd7 27. Qf2 Qe6 28. Qf3 g6 29. Kf2 Rc8 30. Re2 f5 31. Qf4 Kg7 32. Rd2 Qe7 33. Ke2 Kf6 34. Qh4+ Ke6 35. Qxe7+ Kxe7 36. h4 Rc1 37. g3 Kf6 38. Kf3 h6 39. Re2 g5 40. hxg5+ Kxg5 41. Rh2 b5 42. a3 a5 43. Rd2 b4 44. axb4 axb4 45. b3 Rb1 46. Rd3 Rb2 47. Rd1 Rxb3 48. Rc1 Rc3 49. Ra1 Rc6 50. Rb1 Rb6 51. Rb3 Rb5 52. Kf2 Kg4 53. Kg2 h5 54. Kf2 Rb6 55. Kg2 Ra6 56. Rxb4 Ra2+ 57. Kf1 Kxg3 58. Rb8 Kf3 59. Kg1 Kxe3 60. Rh8 Kxd4 61. Rxh5 f4 62. Rf5 Ke4 63. Rf8 Kf3 64. Rf5 d4 65. Rd5 Ke4 66. Rh5 d3 67. Kf1 Ke3 68. Rh3+ f3 69. Rh8 Ra1# 0-1

[Event "GBR-ch Major 102nd"]
[Site "Coventry"]
[Date "2015.08.01"]
[Round "6"]
[White "Bennett, Owen"]
[Black "Bennett, Rhys"]
[Result "1/2-1/2"]
[WhiteElo "1695"]
[BlackElo "1802"]
[PlyCount "26"]
[EventDate "2015.07.27"]
[EventType "swiss"]
[EventRounds "11"]
[EventCountry "ENG"]
[SourceTitle "CBM 167 Extra"]
[Source "ChessBase"]
[SourceDate "2015.09.14"]
[SourceVersion "1"]
[SourceVersionDate "2015.09.14"]
[SourceQuality "1"]

1. d4 d5 2. c4 e6 3. Nf3 Nf6 4. Nc3 Nbd7 5. Bg5 Be7 6. e3 0-0 7. Rc1 a6 8. cxd5 exd5 9. Bd3 c5 10. dxc5 Nxc5 11. Bb1 Be6 12. 0-0 Rc8 13. Nd4 Re8 1/2-1/2

[Event "GBR-ch Major 102nd"]
[Site "Coventry"]
[Date "2015.07.29"]
[Round "3"]
[White "Batchelor, Guy J"]
[Black "Bennett, Owen"]
[Result "1-0"]
[WhiteElo "1855"]
[BlackElo "1695"]
[PlyCount "75"]
[EventDate "2015.07.27"]
[EventType "swiss"]
[EventRounds "11"]
[EventCountry "ENG"]
[SourceTitle "CBM 167 Extra"]
[Source "ChessBase"]
[SourceDate "2015.09.14"]
[SourceVersion "1"]
[SourceVersionDate "2015.09.14"]
[SourceQuality "1"]

1. b3 d5 2. Bb2 Nf6 3. e3 c5 4. Nf3 Nc6 5. Bb5 Bd7 6. 0-0 g6 7. c4 dxc4 8. Bxc4 Bg7 9. Nc3 0-0 10. d4 cxd4 11. exd4 Bg4 12. Be2 Rb8 13. Na4 Nh5 14. h3 Bxf3 15. Bxf3 Bxd4 16. Bxh5 Bxb2 17. Nxb2 gxh5 18. Qxh5 Qa5 19. Qg4+ Kh8 20. Nc4 Qb4 21. Qf3 b5 22. Ne3 Nd4 23. Qh5 Ne6 24. Qe5+ Kg8 25. Nf5 h5 26. Nh6+ Kh7 27. Nxf7 Qf4 28. Qxh5+ Kg8 29. Qg6+ Ng7 30. Ng5 Qf5 31. Qxf5 Rxf5 32. h4 Rb6 33. Rae1 Kf8 34. Re2 e6 35. Rc1 a6 36. Rc8+ Ke7 37. Rc7+ Kf8 38. Rd2 1-0

[Event "South Wales op 12th"]
[Site "Cardiff"]
[Date "2015.07.13"]
[Round "4"]
[White "Calist, Aron"]
[Black "Bennett, Owen"]
[Result "0-1"]
[WhiteElo "1380"]
[BlackElo "1695"]
[PlyCount "74"]
[EventDate "2015.07.11"]
[EventType "swiss"]
[EventRounds "10"]
[EventCountry "WLS"]
[SourceTitle "EXT 2016"]
[Source "ChessBase"]
[SourceDate "2015.10.08"]
[SourceVersion "1"]
[SourceVersionDate "2015.10.08"]
[SourceQuality "1"]

1. b3 d5 2. Bb2 c5 3. e3 Nc6 4. Bb5 Bd7 5. Nf3 e6 6. d3 Qa5+ 7. Nc3 d4 8. Bxc6 Bxc6 9. exd4 cxd4 10. Nxd4 Bxg2 11. Rg1 Bd5 12. Qd2 0-0-0 13. 0-0-0 Nf6 14. Kb1 Rg8 15. Ndb5 Bb4 16. a3 Bxc3 17. Nxc3 Bf3 18. Rde1 Bc6 19. Qe3 Qb6 20. Qxb6 axb6 21. Rg5 h6 22. Rgg1 Kc7 23. Ne2 Nh5 24. Nd4 Kd7 25. Rg4 g6 26. Nxc6 bxc6 27. Rd4+ Ke7 28. Rxd8 Rxd8 29. Bc1 g5 30. Be3 c5 31. b4 f5 32. bxc5 f4 33. Bd2 bxc5 34. Ba5 Ra8 35. Bb6 Rb8 36. Ka2 Rxb6 37. Re5 Kd6 0-1

[Event "South Wales op 11th"]
[Site "Cardiff"]
[Date "2014.08.30"]
[Round "9"]
[White "Bennett, Owen"]
[Black "Matthews, Adrian MS"]
[Result "0-1"]
[WhiteElo "1636"]
[BlackElo "1898"]
[PlyCount "33"]
[EventDate "2014.08.25"]
[EventType "swiss"]
[EventRounds "9"]
[EventCountry "WLS"]
[SourceTitle "CBM 162 Extra"]
[Source "ChessBase"]
[SourceDate "2014.10.17"]
[SourceVersion "1"]
[SourceVersionDate "2014.10.17"]
[SourceQuality "1"]

1. d4 Nf6 2. c4 c5 3. d5 b5 4. cxb5 a6 5. bxa6 g6 6. Nc3 Bxa6 7. e4 Bxf1 8. Kxf1 d6 9. g3 Bg7 10. Kg2 0-0 11. Nf3 Nbd7 12. a4 Qb6 13. Re1 Ng4 14. Qe2 c4 15. Nd2 Nde5 16. Nxc4 Nxc4 17. Qxc4 0-1

[Event "South Wales op 11th"]
[Site "Cardiff"]
[Date "2014.08.26"]
[Round "4"]
[White "Bennett, Owen"]
[Black "Brown, Thomas"]
[Result "0-1"]
[WhiteElo "1636"]
[BlackElo "2104"]
[PlyCount "46"]
[EventDate "2014.08.25"]
[EventType "swiss"]
[EventRounds "9"]
[EventCountry "WLS"]
[SourceTitle "CBM 162 Extra"]
[Source "ChessBase"]
[SourceDate "2014.10.17"]
[SourceVersion "1"]
[SourceVersionDate "2014.10.17"]
[SourceQuality "1"]

1. d4 Nf6 2. c4 g6 3. g3 Bg7 4. Bg2 0-0 5. Nc3 d6 6. Nf3 Nbd7 7. 0-0 c6 8. e4 e5 9. h3 Re8 10. Re1 exd4 11. Nxd4 Nc5 12. Nb3 Be6 13. Nxc5 dxc5 14. Qa4 Nd7 15. Be3 Bd4 16. Bf1 Ne5 17. Kg2 Qd7 18. Be2 Bxh3+ 19. Kh2 Bg4 20. Kg2 Bxe2 21. Rxe2 Qg4 22. Qc2 Qf3+ 23. Kg1 Nxc4 0-1

[Event "South Wales op 11th"]
[Site "Cardiff"]
[Date "2014.08.25"]
[Round "3"]
[White "Morris, Charles F"]
[Black "Bennett, Owen"]
[Result "1-0"]
[WhiteElo "2159"]
[BlackElo "1636"]
[PlyCount "63"]
[EventDate "2014.08.25"]
[EventType "swiss"]
[EventRounds "9"]
[EventCountry "WLS"]
[SourceTitle "CBM 162 Extra"]
[Source "ChessBase"]
[SourceDate "2014.10.17"]
[SourceVersion "1"]
[SourceVersionDate "2014.10.17"]
[SourceQuality "1"]

1. c4 e6 2. g3 d5 3. Bg2 Nf6 4. Nf3 Be7 5. 0-0 0-0 6. b3 c5 7. Bb2 d4 8. e3 Nc6 9. exd4 cxd4 10. Re1 Re8 11. d3 Bc5 12. a3 a5 13. Ng5 e5 14. Nd2 Bg4 15. Bf3 Bxf3 16. Qxf3 h6 17. Nge4 Bf8 18. Bc1 Nd7 19. Kh1 Qc7 20. g4 Be7 21. Rg1 g5 22. h4 f6 23. Qf5 Kg7 24. Ng3 Nf8 25. Nh5+ Kf7 26. hxg5 hxg5 27. Ne4 Ne6 28. Bxg5 Ng7 29. Nxg7 Kxg7 30. Bxf6+ Bxf6 31. Qxf6+ Kg8 32. Qg6+ 1-0

[Event "Margate Thanet op"]
[Site "Margate"]
[Date "2014.08.17"]
[Round "5"]
[White "Bennett, Owen"]
[Black "McAllan, Ian"]
[Result "0-1"]
[WhiteElo "1636"]
[BlackElo "1998"]
[PlyCount "58"]
[EventDate "2014.08.15"]
[EventType "swiss"]
[EventRounds "5"]
[EventCountry "ENG"]
[SourceTitle "EXT 2019"]
[Source "ChessBase"]
[SourceDate "2018.10.10"]
[SourceVersion "1"]
[SourceVersionDate "2018.10.10"]
[SourceQuality "1"]

1. d4 d5 2. c4 e6 3. Nf3 c5 4. cxd5 exd5 5. g3 Nc6 6. Bg2 Nf6 7. 0-0 Be7 8. Nc3 0-0 9. dxc5 Bxc5 10. Na4 Be7 11. Be3 Bg4 12. Nd4 Qd7 13. b3 Rfe8 14. Nxc6 bxc6 15. Re1 Bb4 16. Bd2 Bd6 17. Be3 Bh3 18. Bh1 Ne4 19. Bd4 Bb4 20. Bxe4 Rxe4 21. Bc3 Bd6 22. e3 Rae8 23. f3 R4e7 24. Kf2 h5 25. Qd4 Be5 26. Qh4 Qf5 27. Bxe5 Rxe5 28. Qf4 Qg6 29. Qh4 Rxe3 0-1

[Event "Margate Thanet op"]
[Site "Margate"]
[Date "2014.08.15"]
[Round "1"]
[White "Hammond, Andrew JC"]
[Black "Bennett, Owen"]
[Result "1-0"]
[WhiteElo "2205"]
[BlackElo "1636"]
[PlyCount "81"]
[EventDate "2014.08.15"]
[EventType "swiss"]
[EventRounds "5"]
[EventCountry "ENG"]
[SourceTitle "EXT 2019"]
[Source "ChessBase"]
[SourceDate "2018.10.10"]
[SourceVersion "1"]
[SourceVersionDate "2018.10.10"]
[SourceQuality "1"]

1. d4 d5 2. Nf3 Nf6 3. c4 e6 4. Nc3 Nbd7 5. Bg5 Be7 6. Qc2 0-0 7. cxd5 exd5 8. e3 c6 9. Bd3 h6 10. Bxf6 Nxf6 11. h3 Re8 12. g4 Bb4 13. g5 Ne4 14. gxh6 gxh6 15. Ke2 Bxc3 16. bxc3 f6 17. Nh4 f5 18. Rag1+ Kh7 19. Ng6 Rg8 20. Nf4 Rxg1 21. Rxg1 Qf6 22. c4 dxc4 23. Bxe4 fxe4 24. Qxc4 Bf5 25. Rg3 Re8 26. h4 Be6 27. Qc5 b6 28. Qc2 Bd5 29. h5 Rg8 30. Rg6 Qf7 31. f3 Re8 32. Kf2 b5 33. Qc5 Qe7 34. Qxe7+ Rxe7 35. Nxd5 cxd5 36. Rd6 exf3 37. Rxd5 a6 38. Kxf3 Kg7 39. Rd6 Ra7 40. Rb6 Kh7 41. d5 1-0

[Event "BCF-ch Week2 PM op"]
[Site "Aberystwyth"]
[Date "2014.07.29"]
[Round "3"]
[White "Bennett, Owen"]
[Black "Pyper, Otto"]
[Result "1/2-1/2"]
[WhiteElo "1688"]
[BlackElo "1834"]
[PlyCount "105"]
[EventDate "2014.07.28"]
[EventType "swiss"]
[EventRounds "5"]
[EventCountry "WLS"]
[SourceTitle "EXT 2017"]
[Source "ChessBase"]
[SourceDate "2016.10.25"]
[SourceVersion "1"]
[SourceVersionDate "2016.10.25"]
[SourceQuality "1"]

1. d4 d5 2. c4 e6 3. Nf3 Nf6 4. Nc3 Be7 5. Bg5 0-0 6. e3 Nbd7 7. Qc2 h6 8. Bh4 b6 9. Rd1 Bb7 10. cxd5 exd5 11. Be2 Rc8 12. 0-0 c5 13. Qb1 Re8 14. Bb5 a6 15. Bd3 cxd4 16. exd4 b5 17. Bf5 Rc4 18. Bg3 Qb6 19. Rfe1 Kf8 20. Qd3 Bd6 21. Rxe8+ Kxe8 22. Re1+ Kf8 23. Bxd7 Nxd7 24. Qh7 Nf6 25. Qh8+ Ng8 26. Ne5 Bxe5 27. Bxe5 f6 28. Bf4 Rc8 29. Be3 Kf7 30. Qh7 Re8 31. Qf5 Ne7 32. Qh5+ Kf8 33. Qf3 Kf7 34. Qh5+ Kf8 35. Qg4 Bc8 36. Qd1 Qd6 37. h3 Nf5 38. Qd3 Kf7 39. g4 Nh4 40. Qd1 g5 41. f4 gxf4 42. Bf2 Rxe1+ 43. Bxe1 Ng6 44. Qf3 Be6 45. Ne2 f5 46. Bd2 fxg4 47. hxg4 Qd7 48. Nxf4 Nxf4 49. Qxf4+ Ke7 50. g5 hxg5 51. Qxg5+ Kd6 52. Bb4+ Kc6 53. Qe7 1/2-1/2

[Event "BCF-ch Week2 PM op"]
[Site "Aberystwyth"]
[Date "2014.07.29"]
[Round "2"]
[White "Bryant, Richard BE"]
[Black "Bennett, Owen"]
[Result "1-0"]
[WhiteElo "1917"]
[BlackElo "1688"]
[PlyCount "89"]
[EventDate "2014.07.28"]
[EventType "swiss"]
[EventRounds "5"]
[EventCountry "WLS"]
[SourceTitle "EXT 2017"]
[Source "ChessBase"]
[SourceDate "2016.10.25"]
[SourceVersion "1"]
[SourceVersionDate "2016.10.25"]
[SourceQuality "1"]

1. e4 c5 2. Nc3 e6 3. f4 d5 4. Nf3 Nc6 5. Bb5 a6 6. Bxc6+ bxc6 7. 0-0 c4 8. d4 Bb4 9. e5 Nh6 10. Ne2 0-0 11. h3 f5 12. Kh1 Kh8 13. Rg1 Qe8 14. Nh2 Ra7 15. Bd2 Qe7 16. c3 Ba5 17. Be1 Bd8 18. Qc2 Bd7 19. Nf3 Qe8 20. Bf2 Qh5 21. Ng3 Qe8 22. Qe2 Bc8 23. Nh2 Bh4 24. Ngf1 Bxf2 25. Qxf2 Qg6 26. Re1 Qf7 27. Re3 Rb7 28. Rf3 Qc7 29. Ne3 Qb6 30. Nd1 Qc7 31. g4 Qe7 32. g5 Ng8 33. Rfg3 g6 34. Nf3 Rf7 35. R1g2 Kg7 36. Rh2 Kf8 37. Nd2 Ra7 38. b3 Qa3 39. Qe1 Qxa2 40. Nxc4 Qxb3 41. Nd6 Rfc7 42. Rb2 Qa4 43. Rb8 Ne7 44. Rg1 Qc2 45. Qh4 1-0

[Event "BCF-ch U16"]
[Site "Aberystwyth"]
[Date "2014.07.26"]
[Round "7"]
[White "Bennett, Owen"]
[Black "Strong, Zoe"]
[Result "0-1"]
[WhiteElo "1688"]
[BlackElo "1347"]
[PlyCount "84"]
[EventDate "2014.07.21"]
[EventType "swiss"]
[EventRounds "7"]
[EventCountry "WLS"]
[SourceTitle "CBM 161 Extra"]
[Source "ChessBase"]
[SourceDate "2014.08.29"]
[SourceVersion "1"]
[SourceVersionDate "2014.08.29"]
[SourceQuality "1"]

1. d4 Nf6 2. c4 g6 3. Nc3 d5 4. Qb3 e6 5. cxd5 exd5 6. Bg5 c6 7. Nf3 Bg7 8. e3 0-0 9. Bd3 Qc7 10. Rc1 Qe7 11. Qc2 Be6 12. 0-0 Nbd7 13. Na4 Rfe8 14. Nc5 Nxc5 15. Qxc5 Qxc5 16. Rxc5 Nd7 17. Rc2 Rac8 18. Rfc1 Bg4 19. Nd2 Nf6 20. h3 Bd7 21. Bf4 Ne4 22. Nxe4 dxe4 23. Bc4 b5 24. Bb3 a6 25. Bd6 Bf8 26. Bxf8 Kxf8 27. d5 cxd5 28. Rxc8 Rxc8 29. Rxc8+ Bxc8 30. Bxd5 f5 31. Kf1 Ke7 32. Ke2 Be6 33. Bxe6 Kxe6 34. Kd2 b4 35. b3 Ke5 36. h4 f4 37. Ke2 h6 38. exf4+ Kxf4 39. g3+ Ke5 40. Ke3 g5 41. f4+ gxf4+ 42. gxf4+ Kf5 0-1

[Event "BCF-ch U16"]
[Site "Aberystwyth"]
[Date "2014.07.25"]
[Round "6"]
[White "Wang, Alyssa"]
[Black "Bennett, Owen"]
[Result "1/2-1/2"]
[WhiteElo "1595"]
[BlackElo "1688"]
[PlyCount "46"]
[EventDate "2014.07.21"]
[EventType "swiss"]
[EventRounds "7"]
[EventCountry "WLS"]
[SourceTitle "CBM 161 Extra"]
[Source "ChessBase"]
[SourceDate "2014.08.29"]
[SourceVersion "1"]
[SourceVersionDate "2014.08.29"]
[SourceQuality "1"]

1. d4 d5 2. Nf3 Nf6 3. c4 e6 4. Nc3 Nbd7 5. Bg5 Be7 6. e3 0-0 7. Qc2 a6 8. Rc1 dxc4 9. Bxc4 b5 10. Be2 Bb7 11. 0-0 c5 12. dxc5 Nxc5 13. Rfd1 Qb6 14. b4 Nce4 15. Nxe4 Bxe4 16. Qb2 h6 17. Bh4 Rac8 18. Ne5 g5 19. Bg3 Bd5 20. Bf3 Rfd8 21. Bxd5 Nxd5 22. a3 Qb7 23. h3 Bf6 1/2-1/2

[Event "Commonwealth-ch"]
[Site "Glasgow"]
[Date "2014.07.04"]
[Round "4"]
[White "Smith, Callum"]
[Black "Bennett, Owen"]
[Result "0-1"]
[WhiteElo "868"]
[BlackElo "1688"]
[PlyCount "48"]
[EventDate "2014.06.30"]
[EventType "swiss"]
[EventRounds "9"]
[EventCountry "SCO"]
[SourceTitle "CBM 161 Extra"]
[Source "ChessBase"]
[SourceDate "2014.08.29"]
[SourceVersion "1"]
[SourceVersionDate "2014.08.29"]
[SourceQuality "1"]

1. e4 c5 2. c3 g6 3. d4 cxd4 4. cxd4 d5 5. exd5 Nf6 6. Nc3 Nxd5 7. Nxd5 Qxd5 8. Nf3 Bg7 9. Be3 Bg4 10. Be2 Nd7 11. 0-0 Nb6 12. b3 0-0 13. Rc1 Qd6 14. h3 Bf5 15. Qd2 Nd5 16. Bh6 Rfd8 17. Bxg7 Kxg7 18. Rfd1 Rac8 19. Rxc8 Rxc8 20. Bd3 Bxd3 21. Qxd3 Nc3 22. Rc1 Ne2+ 23. Qxe2 Rxc1+ 24. Ne1 Qe6 0-1

[Event "Commonwealth-ch"]
[Site "Glasgow"]
[Date "2014.07.02"]
[Round "3"]
[White "Bennett, Owen"]
[Black "Anjana Krishna, Sreela"]
[Result "0-1"]
[WhiteElo "1688"]
[BlackElo "1926"]
[PlyCount "90"]
[EventDate "2014.06.30"]
[EventType "swiss"]
[EventRounds "9"]
[EventCountry "SCO"]
[SourceTitle "CBM 161 Extra"]
[Source "ChessBase"]
[SourceDate "2014.08.29"]
[SourceVersion "1"]
[SourceVersionDate "2014.08.29"]
[SourceQuality "1"]

1. d4 d5 2. c4 e6 3. Nf3 Nf6 4. Nc3 Be7 5. Bg5 0-0 6. e3 h6 7. Bh4 b6 8. cxd5 Nxd5 9. Bxe7 Qxe7 10. Nxd5 exd5 11. Rc1 Be6 12. Ne5 c5 13. Bb5 a6 14. Ba4 Rc8 15. dxc5 bxc5 16. 0-0 Ra7 17. Qd3 c4 18. Qc3 Rb7 19. Rfd1 Rb4 20. Bc2 Qb7 21. Rd2 a5 22. a3 Rb5 23. Qd4 Qe7 24. Ba4 Rbc5 25. Rdc2 Na6 26. Rc3 R5c7 27. Bd1 Nc5 28. Rb1 Rb8 29. f3 Bf5 30. Bc2 Bxc2 31. Rxc2 Re8 32. Ng4 h5 33. Nf2 Qxe3 34. Qxe3 Rxe3 35. Rd1 Nb3 36. Kf1 Re5 37. Nd3 Rf5 38. Nc1 Nc5 39. Kf2 Ne4+ 40. Ke3 Nf6 41. Kf2 Ng4+ 42. Ke2 Re5+ 43. Kd2 Ne3 44. Re1 Rce7 45. Rc3 d4 0-1

[Event "WLS-ch 60th"]
[Site "Cardiff"]
[Date "2014.04.18"]
[Round "1"]
[White "Heap, Gerry"]
[Black "Bennett, Owen"]
[Result "1-0"]
[WhiteElo "2021"]
[BlackElo "1669"]
[PlyCount "89"]
[EventDate "2014.04.18"]
[EventType "swiss"]
[EventRounds "7"]
[EventCountry "WLS"]
[SourceTitle "CBM 160 Extra"]
[Source "ChessBase"]
[SourceDate "2014.07.01"]
[SourceVersion "1"]
[SourceVersionDate "2014.07.01"]
[SourceQuality "1"]

1. c4 e6 2. Nf3 d5 3. e3 Nf6 4. b3 c5 5. Bb2 Nc6 6. g3 dxc4 7. bxc4 Be7 8. Bg2 0-0 9. 0-0 Qc7 10. Nc3 a6 11. Qe2 Rd8 12. Rac1 e5 13. d3 Bg4 14. h3 Bxf3 15. Bxf3 Rd7 16. a3 Rad8 17. Nd5 Qb8 18. Nxf6+ Bxf6 19. Be4 Qc7 20. f4 g6 21. Qf3 Bg7 22. f5 Rd6 23. g4 g5 24. Qg3 Bf6 25. Rc2 h6 26. Bc3 Qe7 27. Rb1 Rb8 28. Rb6 Nd8 29. Rcb2 Rxb6 30. Rxb6 Kg7 31. Qf2 Qd7 32. Qb2 Qe7 33. Rxa6 Rc8 34. Rb6 Rc7 35. a4 Nc6 36. a5 Nd8 37. Kg2 Rd7 38. Qb5 Rc7 39. Qa4 Rd7 40. a6 bxa6 41. Rxa6 Rc7 42. Ra8 Nb7 43. Re8 Qd6 44. Qa8 Nd8 45. Qd5 1-0

[Event "Wch U14"]
[Site "Al Ain"]
[Date "2013.12.24"]
[Round "8"]
[White "Kazakouski, Valery"]
[Black "Bennett, Owen"]
[Result "1-0"]
[WhiteElo "2023"]
[BlackElo "1695"]
[PlyCount "48"]
[EventDate "2013.12.18"]
[EventType "swiss"]
[EventRounds "11"]
[EventCountry "UAE"]
[SourceTitle "CBM 158 Extra"]
[Source "ChessBase"]
[SourceDate "2014.02.28"]
[SourceVersion "1"]
[SourceVersionDate "2014.02.28"]
[SourceQuality "1"]

1. e4 c5 2. Nf3 e6 3. d4 cxd4 4. Nxd4 Nf6 5. Nc3 Nc6 6. Ndb5 Bb4 7. a3 Bxc3+ 8. Nxc3 d5 9. exd5 exd5 10. Bd3 Bg4 11. Ne2 0-0 12. 0-0 Ne5 13. f3 Nxd3 14. Qxd3 Be6 15. Be3 a6 16. Bd4 Rc8 17. Rfe1 Nd7 18. Nf4 Re8 19. Bc3 Qb6+ 20. Kh1 Qd6 21. Qe2 Nb6 22. Nh5 f6 23. Nxg7 Nc4 24. Nxe8 Rxe8 1-0